000 00272nam a2200109Ia 4500
008 190216s9999||||xx |||||||||||||| ||und||
100 _aWilliam R Spriegel
245 0 _aIndustrial Management
260 _bPrentice Hall Of India Pvt Ltd
_c1955
300 _a376p
942 _cBK
999 _c4496
_d4496